000 nam a22 7a 4500
999 _c7383
_d7383
008 170822b xxu||||| |||| 00| 0 eng d
100 _aJain`s R. K
_93916
245 _aCustoms Law Manual
260 _aNew delhi
_bCentex Publication
_c2004